• 首页
  • 本馆介绍
  • 公告通知
  • 最新文献
  • 馆藏检索
  • 电子资源
  • 读者导购
  • 参考咨询
  • 我的图书馆
  • 登录
  • 详细信息显示
  • 放入我的书架
  • 预约/预借图书
  • 作者相关作品
  • 分类相关作品
  • 丛书相关作品
  • 出版社相关作品

书目信息

  • 表格格式
  • 工作单格式
  • 卡片格式
题名:
生物化学与分子生物学
    
 
作者: 钱晖 , 侯筱宇 主编
分册:  
出版信息: 北京   科学出版社  2017.01
页数: 480页
开本: 28cm
丛书名:
单 册:
中图分类: Q5 , Q7
科图分类:
主题词: 生物化学--医学院校--教材 , 分子生物学--医学院校--教材
电子资源:
ISBN: 978-7-03-051309-0
000 01097nam0 2200265 450
001 3772
005 20181009100204.43
010    @a978-7-03-051309-0@dCNY79.80
100    @a20170427d2017 em y0chiy50 ea
101 0  @achi
102    @aCN@b110000
105    @aa z 001yy
200 1  @a生物化学与分子生物学@9sheng wu hua xue yu fen zi sheng wu xue@f钱晖, 侯筱宇主编
205    @a3版
210    @a北京@c科学出版社@d2017.01
215    @a480页@c图@d28cm
330    @a本书分四篇共22章,第一篇是生物大分子的结构与功能,包括蛋白质和核酸的结构与功能、酶和维生素、糖复合物;第二篇物质代谢与调节,包括糖代谢、生物氧化、脂类代谢、氨基酸代谢、核苷酸代谢、血液生物化学、肝胆生物化学;第三篇生命信息的传递与调控,包括基因表达调控、细胞信号转导、基因组学和后基因组学;第四篇分子生物学技术与应用,包括常用分子生物学技术、基因工程、基因诊断与基因治疗。
606 0  @a生物化学@x医学院校@j教材
606 0  @a分子生物学@x医学院校@j教材
690    @aQ5@v5
690    @aQ7@v5
701  0 @a钱晖@9qian hui@4主编
701  0 @a侯筱宇@9hou xiao yu@4主编
801  0 @aCN@b91MARC@c20170427
905    @aMuseLib@dQ5@e255=3
    
    生物化学与分子生物学/钱晖, 侯筱宇主编.-3版.-北京:科学出版社,2017.01
    480页:图;28cm
    
    
    ISBN 978-7-03-051309-0:CNY79.80
    本书分四篇共22章,第一篇是生物大分子的结构与功能,包括蛋白质和核酸的结构与功能、酶和维生素、糖复合物;第二篇物质代谢与调节,包括糖代谢、生物氧化、脂类代谢、氨基酸代谢、核苷酸代谢、血液生物化学、肝胆生物化学;第三篇生命信息的传递与调控,包括基因表达调控、细胞信号转导、基因组学和后基因组学;第四篇分子生物学技术与应用,包括常用分子生物学技术、基因工程、基因诊断与基因治疗。
●
相关链接 在E读中查询图书 在五车中查询图书 在当当中查询图书 在豆瓣中查询图书


正题名:生物化学与分子生物学     索取号:Q5/255=3         预约/预借

序号 登录号 条形码 馆藏地/架位号 状态 备注
1 1123652   211236526   第二样本阅览室/ [索取号:Q5/255=3] 在馆    
2 1123653   211236535   第三借阅区/ [索取号:Q5/255=3] 在馆    
3 1123654   211236544   第三借阅区/ [索取号:Q5/255=3] 在馆    
4 1123655   211236553   第三借阅区/ [索取号:Q5/255=3] 在馆    
5 1123656   211236562   密集书库-生命科学系/ [索取号:Q5/255=3] 在馆    
唐山师范学院图书馆 欢迎您!
大连网信软件有限公司© 版权所有